[Event "Montreal Mercredi 04"]
[Site "Montreal"]
[Date "2018.04.04"]
[Round "1"]
[White "Chang, Alexander Rz"]
[Black "Barko, Maxim"]
[Result "0-1"]
[WhiteElo "1961"]
[BlackElo "1949"]
[PlyCount "70"]
[EventDate "2018.04.04"]
[EventType "swiss"]
[EventRounds "5"]
[EventCountry "CAN"]
[SourceTitle "EXT 2022"]
[Source "ChessBase"]
[SourceDate "2021.10.06"]
[SourceVersion "1"]
[SourceVersionDate "2021.10.06"]
[SourceQuality "1"]

1. e4 c5 2. Nf3 Nc6 3. d4 cxd4 4. Nxd4 Nf6 5. Nxc6 bxc6 6. Bd3 g6 7. 0-0 Bg7 8. Nd2 d6 9. c4 0-0 10. Nf3 Nd7 11. Qe2 Nc5 12. Rb1 Bg4 13. h3 Bxf3 14. Qxf3 Rb8 15. b3 Ne6 16. Bb2 Nd4 17. Qe3 Qb6 18. Rfc1 c5 19. Bc3 a5 20. Qd2 Ra8 21. Kf1 Ra7 22. Kg1 Kh8 23. Re1 e6 24. Bc2 Qd8 25. Kh2 Qh4 26. Bxd4 Bxd4 27. Rf1 f5 28. exf5 gxf5 29. f4 Rg7 30. Bd1 Qg3+ 31. Kh1 Be3 32. Qc2 Bxf4 33. Rxf4 Qxf4 34. Bf3 e5 35. Bd5 e4 0-1

[Event "Montreal CMA Futurity ABCD"]
[Site "Montreal"]
[Date "2017.04.15"]
[Round "3"]
[White "Goler, Isil"]
[Black "Barko, Maxim"]
[Result "1-0"]
[WhiteElo "1818"]
[BlackElo "1860"]
[PlyCount "75"]
[EventDate "2017.04.14"]
[EventType "swiss"]
[EventRounds "5"]
[EventCountry "CAN"]
[SourceTitle "EXT 2022"]
[Source "ChessBase"]
[SourceDate "2021.10.06"]
[SourceVersion "1"]
[SourceVersionDate "2021.10.06"]
[SourceQuality "1"]

1. d4 e6 2. Nf3 f5 3. Bg5 Nf6 4. e3 Be7 5. Nbd2 0-0 6. Bc4 d5 7. Bd3 Nbd7 8. c4 c6 9. Qc2 Ne4 10. Bxe7 Qxe7 11. g3 Ndf6 12. Ne5 Nxd2 13. Qxd2 Ne4 14. Qc2 Qb4+ 15. Ke2 Qe7 16. Rag1 Qf6 17. f3 Nd6 18. Rg2 Nf7 19. Nxf7 Rxf7 20. f4 Bd7 21. b3 Be8 22. g4 b6 23. Rhg1 Bd7 24. Kd1 Rc8 25. Qf2 a5 26. gxf5 exf5 27. Rg5 g6 28. h4 Kf8 29. Qg2 Qe7 30. Qf3 Re8 31. R1g3 Qf6 32. h5 gxh5 33. Qxh5 c5 34. Qf3 cxd4 35. Qxd5 dxe3 36. Rg8+ Ke7 37. Rxe3+ Be6 38. Rxe8+ 1-0

[Event "Montreal CC-ch"]
[Site "Montreal"]
[Date "2016.06.12"]
[Round "5.9"]
[White "Gauthier, Luc"]
[Black "Barko, Maxim"]
[Result "0-1"]
[WhiteElo "1746"]
[BlackElo "1948"]
[PlyCount "118"]
[EventDate "2016.06.10"]
[EventType "swiss"]
[EventRounds "5"]
[EventCountry "CAN"]
[SourceTitle "EXT 2022"]
[Source "ChessBase"]
[SourceDate "2021.10.06"]
[SourceVersion "1"]
[SourceVersionDate "2021.10.06"]
[SourceQuality "1"]

1. e4 c5 2. Nc3 Nc6 3. f4 e6 4. Nf3 d5 5. exd5 exd5 6. Bb5 Nf6 7. Bxc6+ bxc6 8. d3 Be7 9. 0-0 0-0 10. b3 Nd7 11. Ba3 Qa5 12. Na4 Re8 13. Qe1 Qc7 14. Kh1 Ba6 15. Qd2 Bd6 16. g3 Rab8 17. Rfe1 Bb5 18. Nc3 Qa5 19. Nxb5 Qxd2 20. Nxd2 cxb5 21. c4 b4 22. Bb2 d4 23. Ne4 Bf8 24. Kg1 Rb6 25. Ng5 Rxe1+ 26. Rxe1 Ra6 27. Ra1 Be7 28. Nf3 Bf6 29. a4 Re6 30. Re1 Rxe1+ 31. Nxe1 g5 32. Bc1 h6 33. g4 Kg7 34. Kg2 Nb8 35. Kf3 Nc6 36. Nc2 gxf4 37. Bxf4 Be5 38. Ke4 Bxf4 39. Kxf4 Kf6 40. h4 Ne5 41. Ke4 Ke6 42. g5 hxg5 43. hxg5 Ng4 44. Ne1 Ne3 45. Nf3 Nf5 46. Kf4 Ne3 47. Ke4 Nd1 48. Ne5 Nf2+ 49. Kf4 a6 50. Nc6 Nxd3+ 51. Ke4 Nc1 52. Nd8+ Ke7 53. Nc6+ Ke6 54. Nd8+ Ke7 55. Nc6+ Kf8 56. Na5 Kg7 57. Nb7 Nxb3 58. Nxc5 Nxc5+ 59. Kxd4 Nxa4 0-1

[Event "Montreal Mercredi 01"]
[Site "Montreal"]
[Date "2016.02.03"]
[Round "5"]
[White "Barko, Maxim"]
[Black "Langlois Remillard, Alexis"]
[Result "1-0"]
[WhiteElo "1816"]
[BlackElo "1800"]
[PlyCount "87"]
[EventDate "2016.01.06"]
[EventType "swiss"]
[EventRounds "5"]
[EventCountry "CAN"]
[SourceTitle "EXT 2022"]
[Source "ChessBase"]
[SourceDate "2021.10.06"]
[SourceVersion "1"]
[SourceVersionDate "2021.10.06"]
[SourceQuality "1"]

1. e4 e6 2. d4 d5 3. e5 c5 4. Qg4 cxd4 5. Nf3 Nc6 6. Bd3 f5 7. Qg3 Bb4+ 8. c3 dxc3 9. bxc3 Bf8 10. 0-0 Qc7 11. Re1 Nge7 12. h4 Bd7 13. Na3 a6 14. Rb1 Na5 15. Bd2 Nc8 16. Nc2 Nb6 17. Ncd4 Nac4 18. Bf4 0-0-0 19. Nxf5 exf5 20. e6 Bd6 21. exd7+ Rxd7 22. Bxd6 Nxd6 23. Nd4 Ne4 24. Qxc7+ Kxc7 25. Nxf5 Rf8 26. Nd4 Nc5 27. Bxh7 Rdf7 28. f3 Nbd7 29. Bg6 Rf6 30. h5 Kd8 31. Re3 Nb8 32. Rbe1 Nc6 33. Nxc6+ Rxc6 34. Re7 Nd7 35. R1e3 Nf6 36. Rxg7 Rh8 37. g4 b5 38. Kg2 d4 39. Rd3 Rxc3 40. Rxd4+ Kc8 41. Bf5+ Kb8 42. Rd6 Rf8 43. h6 Rc7 44. Rxa6 1-0

[Event "Montreal CC-ch"]
[Site "Montreal"]
[Date "2014.06.14"]
[Round "2"]
[White "Baran, Marius"]
[Black "Barko, Maxim"]
[Result "0-1"]
[WhiteElo "1689"]
[BlackElo "1890"]
[PlyCount "92"]
[EventDate "2014.06.15"]
[EventType "swiss"]
[EventRounds "5"]
[EventCountry "CAN"]
[SourceTitle "EXT 2022"]
[Source "ChessBase"]
[SourceDate "2021.10.06"]
[SourceVersion "1"]
[SourceVersionDate "2021.10.06"]
[SourceQuality "1"]

1. e4 e6 2. d4 d5 3. Nc3 Bb4 4. e5 c5 5. Bd2 cxd4 6. Nb5 Bc5 7. Nf3 Nc6 8. a3 Qb6 9. b4 Bf8 10. c3 dxc3 11. Bxc3 Bd7 12. Nbd4 Nge7 13. Bd3 Rc8 14. Rc1 a6 15. 0-0 Ng6 16. Nxc6 Bxc6 17. Bd4 Qd8 18. Qd2 Be7 19. g3 0-0 20. Ne1 Bb5 21. Rxc8 Qxc8 22. f4 Bxd3 23. Nxd3 Qd7 24. Bc5 Rc8 25. g4 Bxc5+ 26. Nxc5 Qb5 27. Qd4 b6 28. Nb7 Qc4 29. Qxb6 Rb8 30. h3 Nxf4 31. Rxf4 Qxf4 32. Qc7 Qg3+ 33. Kf1 Qxh3+ 34. Kf2 Qh4+ 35. Ke3 Qg3+ 36. Kd2 Qf4+ 37. Ke1 Qe3+ 38. Kd1 Qa7 39. Qc5 Qxb7 40. Qd6 Rc8 41. a4 Qc6 42. b5 axb5 43. a5 Qc1+ 44. Ke2 Rc2+ 45. Kf3 Qf1+ 46. Ke3 Qf2+ 0-1